000 00612nab a22001697 4500
003 ES-SlBCS
005 20260303170953.0
008 250426s2026 sp ||||| |||| 00| 0 spa d
040 _aES-SlBCS
_bspa
041 _aspa
100 1 _aHagedorn, Jonas
_9429221
245 1 0 _aFlashback: el posliberalismo católico. Apoyo teórico al autoritarismo de derechas en Estados Unidos
_cJonas Hagedorn, Noah Heinemann y Christopher Washnock
700 1 _aHeinemann, Noah
_9429330
700 1 _aWashnock, Christopher
_9429331
773 0 _gNúm. 414, 2026, págs. 63-78
_tConcilium
_wRev134
_x0210-1041
942 _2lcc
_cAR
999 _c903970
_d903970